000 00427nam a22001697a 4500
003 MACL
005 20160720114811.0
008 160720b xxu||||| |||| 00| 0 eng d
040 _cMACL
041 _aHindi
082 _a741.642
100 _aChopra, Sandeep
_936665
245 _aHistory Of Indian Railway
_cSandeep Chopra
260 _aAllahabad
_bTanmay Books
_c2014
650 _aChildren
_964793
942 _2ddc
_cBK
999 _c54518
_d54518